| 000 | 01589nam a2200313 a 4500 | ||
|---|---|---|---|
| 001 | BRCA_3004 | ||
| 005 | 20190320204051.0 | ||
| 008 | 190109s1704----fr-#---###---#000-0#fre-u | ||
| 041 | _afre | ||
| 044 | _afr | ||
| 084 |
_a326 _b.B374 _c1704 |
||
| 100 | 1 |
_aCervantes Saavedra, Miguel de _d1547-1616 _9213 |
|
| 245 | 1 | 0 |
_aHistoire de L´Admirable Don Quixote de la Manche _cMiguel de Cervantes Saavedra; Traduite par Filleau de Saint-Martin. |
| 260 |
_aParís _bClaude Barbin _c1704 |
||
| 300 |
_a5 v. _c14 cm. |
||
| 500 | _aContenido : v 1. Primera parte. Advertencia del autor. Texto. -- v 2. Texto. -- v 3. Segunda parte. Texto. -- v 4. Texto. -- v 5. Continuación del traductor | ||
| 500 | _aEdición : Nouvelle Edition Revuë et Corrigee D´Une Infinité de Fautes qui S´Étorent Glissées Danse Precédentes | ||
| 500 | _aCopia del LO-325. Aunque la portada indica que se han corregido las faltas con que aparecieron las anteriores ediciones, es lo cierto, como dice L. Rius, que la única mejora fue la consistente en modernizar la ortografía. Piel; lomeras decoradas con doradas Lúdovik Osterc | ||
| 500 | _aQM254 | ||
| 546 | _aTexto en : francés | ||
| 650 | 1 | 4 |
_aNovela española _yÉpoca clásica, 1500-1700 _9215 |
| 650 | 1 | 4 |
_aLiteratura española _yÉpoca clásica, 1500-1700 _9216 |
| 650 | 1 | 4 |
_aNovela española _ySiglo XVII _9217 |
| 650 | 1 | 4 |
_aDon Quijote (Personaje ficticio) _eNovela _9218 |
| 700 | 1 |
_aSaint-Martin, Francois Filleau de _d1632-1695 _eTraductor _98296 |
|
| 740 | 0 | _aEl Ingenioso Hidalgo Don Quijote de la Mancha | |
| 902 | _aQFM | ||
| 942 |
_2lcc _cB |
||
| 999 |
_c2742 _d2742 |
||